000 00205nam a22000857a 4500
999 _c11624
_d11624
008 190904b ||||| |||| 00| 0 eng d
100 _aKirti
_94717
245 _aAesthetics Art-7
260 _bKirti Publications